000 00891nam a2200265Ia 4500
003 OSt
005 20220923222206.0
006 a|||||r|||| 00| 0
007 ta
008 220922b |||||||| |||| 00| 0 hin d
020 _c20
024 _a203,707
037 _cTextual
040 _aARTS
_cARTS
_bhin
041 _2hin
_ahin
082 _aO157,3NKA,1, 152M3
100 _aकविता सिंह; गुप्ता, सुशील, अनु.
_9158337
245 0 _aबदचलन
246 _aBadachalana
260 _aनई दिल्ली
_b नेशनल पब्लि0 हा0
_c1983
300 _a121पृ.
_ccm.
650 _aबंगाली साहित्य
_9156264
942 _hO157,3NKA,1, 152M3
_cTEXL
_2CC
999 _c354457
_d354457